| 000 | 01944nam a22003137a 4500 | ||
|---|---|---|---|
| 001 | 00798 | ||
| 003 | DO-SdBPM | ||
| 005 | 20250908140654.0 | ||
| 007 | ta | ||
| 008 | 160721b2001 sp ||| 00| 0 spa d | ||
| 020 | _a9788495498427 | ||
| 040 |
_aDO-SdBPM _bspa _cBPMSU _erda |
||
| 082 | 4 |
_aRD861.44 _bA989d 2001 _222 |
|
| 100 | 1 |
_aAyuso, José Alejandro _eautor |
|
| 245 | 1 | 0 |
_aDespalabro total / _cJosé Alejandro Ayuso |
| 260 |
_a _b _c |
||
| 264 |
_aMadrid : _bSial Ediciones, _c2001 |
||
| 300 |
_a84 páginas : _c21 cm. |
||
| 336 |
_atexto _btxt _2rdacontent |
||
| 337 |
_asin mediación _bn _2rdamedia |
||
| 338 |
_a volumen _bnc _2rdacarrier |
||
| 490 | 0 |
_aLos raros, _v11 |
|
| 505 | 0 | _aVivo de miedo 9 -- I. Arte sano 13 -- Recapitulo 14 -- Casi nada 16 -- Lacan(ción) 17 -- Lienzo 18 -- Harakiri 19 -- Encuentro fortuito 20 -- Mucha musa 23 -- Savoir-faire 24 -- II. Quejido 27 -- Mariurno 28 -- Mujer y ego 29 -- Yo kundero 30 -- Intitulable 31 -- Justo el amor 32 -- Manuscribirla 33 -- Confesión inacabada 34 -- Flagelación 35 -- Otramente 36 -- III. Arenga laica 41 -- Paradoxo 42 -- Más lluvia 44 -- Otro epitafio en la tumba de Jacques Brel 45 -- Altavoz 46 -- Cantata 47 -- Como un solo hombre 48 -- La guerra del colmo 49 -- No hay vida 50 -- No me levanto 52 -- Freud guiñando un ojo 55 -- Trilogioda 56 -- A mi aire 57 -- Loquema I 58 -- Loquema II 59 -- El vaho de los tiempos 60 -- Expediente clasificado 61 -- Delirium tremens 62 -- Not to be 63 -- El tropo 64 -- Poema S.O.S. (Después de la hecatombe verbonuclear). Divertimento 67 -- Especulación metapoética 68 -- Esto no es serio 70 -- Minuta 71 -- Toque profundo 72 -- La víctima 74 -- Mujerfatal 77 -- Prestidigitación 79 -- Vidolor 80 -- Inconformidades de fondo conformadas 81 | |
| 590 | _ainvetariado, 2025/VM | ||
| 650 | 7 | _aPoesía dominicana | |
| 650 | 7 | _aLiteratura dominicana | |
| 910 | _aVMateo V. Control de calidad. BPMSU | ||
| 942 |
_2ddc _cBK |
||
| 999 |
_c11004 _d11004 |
||